Fr. Conceicao Rodrigues College of Engineering

Stillness speaks (Record no. 23328)

MARC details
000 -LEADER
fixed length control field 00313nam a2200157Ia 4500
082 ## - DEWEY DECIMAL CLASSIFICATION NUMBER
Classification number 291.4/ECK
Item number ECK
100 ## - MAIN ENTRY--PERSONAL NAME
Personal name Eckhart Tolle
245 ## - TITLE STATEMENT
Title Stillness speaks
260 ## - PUBLICATION, DISTRIBUTION, ETC.
Name of publisher, distributor, etc. Yogi impressions
Date of publication, distribution, etc. 2003
366 ## - TRADE AVAILABILITY INFORMATION
Publishers's discount category 20
300 ## - PHYSICAL DESCRIPTION
Extent 129
546 ## - LANGUAGE NOTE
Language note ENGLISH
650 ## - SUBJECT ADDED ENTRY--TOPICAL TERM
Topical term or geographic name entry element Ficiton
942 ## - ADDED ENTRY ELEMENTS (KOHA)
Koha item type BOOK
Holdings
Withdrawn status Lost status Damaged status Not for loan Collection Home library Current library Date acquired Source of acquisition Cost, normal purchase price Inventory number Total Checkouts Full call number Barcode Date last seen Date last checked out Cost, replacement price Price effective from Koha item type
        CRC Fr. Agnel's C.Rodrigues College of Engineering Fr. Agnel's C.Rodrigues College of Engineering 17/03/2023 Ane Books India 140.00 220 dt 17/10/2008 1 291.4/ECK ECK 19072 19/06/2026 05/06/2026 175.00   BOOK